{"text_format":"3","workbook":"xlsx","n_sheets":1,"sheets":["double needle-double layer cont"],"read":"whole","date_system":"1900"}

{"sheet":"double needle-double layer cont","index":0,"n_rows":42,"n_cols":28,"rows_kept":42}
["Sex","Age","High","Weight","BMI","Oper-Data","Ope-time","Anastomosis time","Intraoperative bleeding","cTNM","pT","pN","LN（+）","pTNM","Differentiation","umor margin","Tumor diameter","Tumor location","Distal tumor margin (cm)","Proximal tumor margin（cm）","LN","First postoperative ambulation (day)","First postoperative flatus (day)","First postoperative diet (day)","Complications","Postoperative hospital stay (day)","Total hospitalization stay (day)","Total hospitalization cost (CNY)"]
["F",64,153,60,{"$f":"D2/(C2*C2/10000)","v":{"v":25.6311674996796,"d":"25.63"}},"2018.09.12",235,36,50,"I",2,0,0,"1B","moderate","1.5*1.5*0.8",1.5,"Angle",4,6,16,1,3,4,"NO",7,15,68503.67]
["M",50,169,64,{"v":22.4081789853296,"d":"22.41"},"2018.09.26",175,26,50,"III","4a","3a",8,"3C","poor","6*4.5*1.2",6,"Angle",2.5,4,55,1,5,5,"NO",7,21,61525.71]
["F",61,162,50,{"v":19.0519737844841,"d":"19.05"},"2018.09.27",175,28,50,"III","4a","3a",10,"3C","poor","3.5*4*1.2",3.5,"Antrum",4,5,22,1,4,4,"NO",10,20,{"v":67146.8,"d":"67146.80"}]
["M",52,180,65,{"v":20.0617283950617,"d":"20.06"},"2018.10.21",130,29,25,"I",1,0,0,"1A","poor","0.7*0.5*0.2",0.7,"Antrum",2.5,9,52,1,4,3,"NO",8,14,63476.68]
["F",68,157,53,{"v":21.5018864862672,"d":"21.50"},"2018.10.31",180,31,200,"IIb","4a",0,0,"2B","poor-moderate","6*6*2.5",6,"Body",2,4,33,1,2,3,"NO",35,41,90006.87]
["M",59,170,66,{"v":22.8373702422145,"d":"22.84"},"2018.11.01",110,35,50,"I",1,0,0,"1A","poor","2.5*1.8*0.4",2.5,"Body",2.5,4,28,1,2,5,"NO",6,20,67365.66]
["M",69,170,56,{"v":19.3771626297578,"d":"19.38"},"2018.11.01",106,29,60,"I",1,0,0,"1A","High","1.5*0.8*0.4",1.5,"Antrum",3,5,36,1,3,3,"NO",11,15,69246.99]
["F",61,164,68,{"v":25.2825698988697,"d":"25.28"},"2018.11.05",115,32,200,"I",1,0,0,"1A","High","0.8cm",0.8,"Antrum",1.5,4,26,1,4,3,"NO",7,14,{"v":66179.3,"d":"66179.30"}]
["M",50,175,76,{"v":24.8163265306122,"d":"24.82"},"2018.11.08",170,28,50,"I",1,0,0,"1A","poor","0.5cm",0.5,"Angle",5,5,30,1,4,3,"NO",5,14,66150.13]
["F",53,158,63,{"v":25.2363403300753,"d":"25.24"},"2018.11.12",225,33,200,"I",2,0,0,"1B","moderate","4.5*2.5*2.5",4.5,"Antrum",4,5,52,1,3,2,"Anastomotic leakage",14,28,81463.46]
["M",81,175,61,{"v":19.9183673469388,"d":"19.92"},"2018.11.23",225,34,5,"IIb",3,1,1,"2B","moderate","7*4*2.5",4,"Antrum",4,2,32,1,3,2,"NO",6,16,60031.18]
["F",66,164,75,{"v":27.8851873884593,"d":"27.89"},"2018.12.03",154,33,50,"I",1,0,0,"1A","poor","1.5*1",1.5,"Antrum",4.5,2.5,31,1,4,2,"NO",7,14,72442.08]
["M",62,175,78,{"v":25.469387755102,"d":"25.47"},"2018.12.19",225,35,50,"IIb",3,1,2,"2B","poor","3*2.5*1",3,"Antrum",4.5,5,56,1,3,3,"NO",6,14,72137.42]
["M",74,154,61,{"v":25.7210322145387,"d":"25.72"},"2018.12.20",180,27,50,"I",3,0,0,"2A","moderate","4*3*1.3",4,"Antrum",2,5,22,1,2,4,"NO",7,16,65461.39]
["F",59,160,62,{"v":24.21875,"d":"24.22"},"2018.12.24",140,25,50,"I",1,0,0,"1A","moderate","1*1*0.1",1,"Antrum",2.5,5.5,41,1,5,3,"NO",6,13,63157.31]
["M",67,170,71,{"v":24.5674740484429,"d":"24.57"},"2018.12.24",150,31,50,"I",2,1,2,"2A","moderate","3.2*2*0.8",3.2,"Antrum",2,8.5,35,1,3,3,"NO",5,13,62105.98]
["M",77,180,92,{"v":28.3950617283951,"d":"28.40"},"2018.12.28",175,33,120,"I",1,0,0,"1A","moderate","1.5*1.5*1.3",1.5,"Antrum",3.5,5.5,17,1,5,2,"NO",7,11,58592.45]
["M",63,171,72,{"v":24.6229609110496,"d":"24.62"},"2019.01.09",170,33,0,"III",3,"3a",7,"3B","moderate","5*4*2",5,"Antrum",3,6,69,1,3,2,"Gastroparesis",18,25,{"v":84940.3,"d":"84940.30"}]
["M",71,172,83,{"v":28.0557057869118,"d":"28.06"},"2019.01.16",160,30,50,"I",1,0,0,"1A","moderate","2*2*0.7",2,"Antrum",2,6,28,1,2,3,"NO",15,28,80254.9]
["M",66,175,59,{"v":19.265306122449,"d":"19.27"},"2019.01.21",185,28,30,"I",1,0,0,"1A","poor-moderate","5.5*4",5.5,"Antrum",2,4,43,1,4,4,"NO",10,17,74672.85]
["F",67,162,58,{"v":22.1002895900015,"d":"22.10"},"2019.03.15",175,28,50,"I",1,0,0,"1A","poor-moderate","2*2",2,"Antrum",5,6,38,1,2,5,"NO",6,11,65311.33]
["M",76,170,72,{"v":24.9134948096886,"d":"24.91"},"2019.03.18",130,26,30,"I",1,0,0,"1A","moderate","0.6*0.6",0.6,"Body",4.5,9,29,1,3,4,"NO",7,15,56018.91]
["M",66,158,57,{"v":22.8328793462586,"d":"22.83"},"2019.04.03",125,25,50,"I",1,0,0,"1A","poor-moderate","2.7*2.5*0.7",2.7,"Antrum",1.7,5,25,1,4,4,"NO",6,15,{"v":60808.3,"d":"60808.30"}]
["M",51,170,65,{"v":22.4913494809689,"d":"22.49"},"2019.04.15",120,21,60,"I",1,2,3,"2A","poor-moderate","2.5*2*1",2.5,"Antrum",4,6,18,1,3,2,"NO",6,19,65042.92]
["M",84,175,72,{"v":23.5102040816327,"d":"23.51"},"2019.04.19",150,26,150,"IIb",4,1,2,"3A","moderate","4*3*1.5",4,"Antrum",2,5,14,2,3,6,"NO",6,15,64576.16]
["F",65,150,50,{"v":22.2222222222222,"d":"22.22"},"2019.05.13",130,18,100,"I",1,0,0,"1A","poor","3*2.5",3,"Antrum",4,3,34,1,1,6,"NO",7,16,76504.37]
["M",84,178,80,{"v":25.2493372048984,"d":"25.25"},"2019.05.15",150,25,50,"I",2,0,0,"1B","moderate","2*1.2*1",2,"Antrum",1,4.5,23,2,3,3,"NO",5,12,74176.13]
["F",45,160,70,{"v":27.34375,"d":"27.34"},"2019.05.15",105,17,20,"IIa",2,2,3,"2B","poor","1*1*0.5",1,"Antrum",5,6.5,25,1,2,3,"NO",5,14,70646.11]
["M",77,180,65,{"v":20.0617283950617,"d":"20.06"},"2019.05.30",115,18,40,"I",1,0,0,"1A","moderate","5*3",5,"Antrum",2,5,20,1,1,2,"Gastroparesis",34,45,{"v":126500.6,"d":"126500.60"}]
["F",64,163,63,{"v":23.7118446309609,"d":"23.71"},"2019.05.30",135,21,100,"III",4,3,7,"3C","poor","2.2*1.2*1",2.2,"Antrum",4,5,23,1,3,3,"NO",6,10,59625.04]
["M",83,170,67,{"v":23.1833910034602,"d":"23.18"},"2019.06.24",135,25,100,"I",1,0,0,"1A","moderate","3.5*3",3.5,"Antrum",1.5,5,21,1,4,5,"Lung infection",15,22,120117.21]
["F",68,156,55,{"v":22.6002629848784,"d":"22.60"},"2019.06.24",135,25,50,"I",2,1,1,"2A","poor-moderate","3.7*3.2*1",3.7,"Angle",4,3.8,23,1,4,3,"NO",6,13,63288.69]
["M",53,172,78,{"v":26.3656030286641,"d":"26.37"},"2019.07.04",150,27,30,"III",4,3,10,"3C","moderate","5.5*2.5*1.5",5.5,"Antrum",0.8,5,34,1,1,4,"NO",5,9,64977.46]
["F",54,155,55,{"v":22.8928199791883,"d":"22.89"},"2019.07.11",170,29,100,"III",4,3,14,"3C","poor","4.5*3*1.5",4.5,"Angle",3.5,5,58,1,4,3,"NO",5,9,58724.08]
["M",69,178,86,{"v":27.1430374952657,"d":"27.14"},"2019.07.17",140,26,50,"I",1,0,0,"1A","moderate","6*4",6,"Antrum",5.5,3.5,34,1,4,3,"NO",5,13,56076.96]
["M",68,170,66,{"v":22.8373702422145,"d":"22.84"},"2019.07.18",130,23,20,"I",1,0,0,"1A","poor","5*5",5,"Antrum",2,5.5,11,1,3,3,"NO",6,14,65563.36]
["M",54,180,64,{"v":19.7530864197531,"d":"19.75"},"2019.07.24",135,24,50,"IIa",2,2,4,"2B","poor","5*3*0.5",5,"Antrum",3,5.5,28,1,4,2,"NO",5,8,66430.43]
["M",67,173,74,{"v":24.7251829329413,"d":"24.73"},"2019.07.25",180,20,100,"I",1,0,0,"1A","moderate","1*1",1,"Antrum",5,6.5,33,1,2,4,"NO",7,18,67549.46]
["M",59,173,60,{"v":20.0474456213038,"d":"20.05"},"2019.08.01",120,19,50,"IIa",3,3,12,"3B","poor","3*1.3*0.6",3,"Antrum",4.5,5.5,47,1,1,4,"NO",7,14,73335.66]
["F",62,165,60,{"v":22.0385674931129,"d":"22.04"},"2019.08.02",170,23,100,"I",1,0,0,"1A","poor-moderate","1.8*1.7*0.3",1.8,"Antrum",5,4,39,1,3,4,"NO",7,16,73149.59]
["M",77,170,69,{"v":23.8754325259516,"d":"23.88"},"2019.08.22",150,20,30,"III",3,3,12,"3B","moderate","3.5*2*1",3.5,"Angle",3.3,3.5,42,2,3,4,"NO",6,16,79679.97]